| 000 | 00341nam a2200133Ia 4500 | ||
|---|---|---|---|
| 008 | 220204s9999 xx 000 0 und d | ||
| 082 |
_a631.4 _bNEG |
||
| 100 | _aNegi, S S | ||
| 245 | 0 | _aIntroductory soil science | |
| 260 |
_aDehra Dun _bBishen Singh _c1983 |
||
| 490 | _aFundamentals of forestry v 3 | ||
| 650 | _aFertilizers | ||
| 942 | _cBK | ||
| 999 |
_c39152 _d39152 |
||